000 00456cam a22001814a 4500
005 20250605164244.0
008 250528s ||||||||||||||||||||||||d
035 _a21429
040 _aGR-AtMCL
_bgre
_dGR-AtMCL
_eAACR2
245 1 _aΤΟ ΛΕΞΙΚΟ ΤΟΥ ΠΡΟΓΡΑΜΜΑΤΙΣΤΗ
250 _a1
260 _bΓκιουρδας,
_c1993
300 _a469
700 1 _aWeisert Conrad
_97467
942 _cBK
999 _c6491
_d6491